000 00295nam a2200121Ia 4500
008 240731s9999 xx 000 0 und d
022 _a1758-1877
245 0 _aPain Management
260 _bTaylor & Francis
856 _uhttps://www.tandfonline.com/loi/ipmt20
942 _2ddc
942 _cTFEJ
999 _c78852
_d78852
945 _a1
_bMadushi Gamage
_c1
_dMadushi Gamage